| 000 | 02090nam a2200385 a 4500 | ||
|---|---|---|---|
| 001 | ebr10270866 | ||
| 003 | CaPaEBR | ||
| 006 | m u | ||
| 007 | cr cn||||||||| | ||
| 008 | 070926s2007 ne sb 001 0 eng | ||
| 010 | _z 2007039876 | ||
| 015 |
_aGBA782431 _2bnb |
||
| 016 | 7 |
_z014057989 _2Uk |
|
| 020 | _z9789004162471 (hardback : alk. paper) | ||
| 020 | _z900416247X (hardback : alk. paper) | ||
| 040 |
_aCaPaEBR _cCaPaEBR |
||
| 035 | _a(OCoLC)646789612 | ||
| 050 | 1 | 4 |
_aK4450 _b.S35 2007eb |
| 082 | 0 | 4 |
_a343/.037 _222 |
| 100 | 1 | _aSchier, Holger. | |
| 245 | 1 | 0 |
_aTowards a reorganisation system for sovereign debt _h[electronic resource] : _ban international law perspective / _cby Holger Schier. |
| 246 | 3 | _aTowards a reorganization system for sovereign debt | |
| 260 |
_aLeiden ; _aBoston : _bMartinus Nijhoff Publishers, _c2007. |
||
| 300 | _axii, 312 p. | ||
| 500 | _aOriginally presented as the author's thesis (doctoral)--Justus-Liebig University, Giessen, Germany, November 2006. | ||
| 504 | _aIncludes bibliographical references (p. [279]-301) and index. | ||
| 505 | 0 | _aThe early days of sovereign insolvency -- Early proposals for a legal framework for sovereign debt reorganisation -- Scope of the work -- Principal reform proposals. The contractual approach -- The proposal for a statutory sovereign debt restructuring mechananism -- The international law perspective -- The RSSD's normative basis under public international law -- An insolvency system for sovereigns derived from general principles of international law -- Enforcement measures -- Implementation. | |
| 533 |
_aElectronic reproduction. _bPalo Alto, Calif. : _cebrary, _d2013. _nAvailable via World Wide Web. _nAccess may be limited to ebrary affiliated libraries. |
||
| 650 | 0 |
_aDebts, Public _xLaw and legislation. |
|
| 650 | 0 | _aDebt relief. | |
| 650 | 0 | _aState bankruptcy. | |
| 655 | 7 |
_aElectronic books. _2local |
|
| 710 | 2 | _aebrary, Inc. | |
| 856 | 4 | 0 |
_uhttp://site.ebrary.com/lib/rucke/Doc?id=10270866 _zAn electronic book accessible through the World Wide Web; click to view |
| 999 |
_c22807 _d22807 |
||